<?xml version="1.0" encoding="UTF-8"?>
<collection xmlns="http://www.loc.gov/MARC21/slim">
 <record>
  <leader>01275nab a2200205 i 4500</leader>
  <controlfield tag="001">univ65321</controlfield>
  <controlfield tag="005">20230217121013.0</controlfield>
  <controlfield tag="008">230217s2023    hu      o     0||   hun d</controlfield>
  <datafield tag="040" ind1=" " ind2=" ">
   <subfield code="a">SZTE UnivHistória Repozitórium</subfield>
   <subfield code="b">hun</subfield>
  </datafield>
  <datafield tag="041" ind1=" " ind2=" ">
   <subfield code="a">hun</subfield>
  </datafield>
  <datafield tag="100" ind1="1" ind2=" ">
   <subfield code="a">Kiss Anna</subfield>
  </datafield>
  <datafield tag="245" ind1="1" ind2="0">
   <subfield code="a">Átadták az új infektológiai klinikát</subfield>
   <subfield code="h">[elektronikus dokumentum] /</subfield>
   <subfield code="c"> Kiss Anna</subfield>
  </datafield>
  <datafield tag="260" ind1=" " ind2=" ">
   <subfield code="c">2023-02-17</subfield>
  </datafield>
  <datafield tag="300" ind1=" " ind2=" ">
   <subfield code="a">1-2</subfield>
  </datafield>
  <datafield tag="490" ind1="0" ind2=" ">
   <subfield code="a">Délmagyarország</subfield>
   <subfield code="v">113 No. 41</subfield>
  </datafield>
  <datafield tag="561" ind1=" " ind2=" ">
   <subfield code="a">Egyetemi hirarchívum</subfield>
  </datafield>
  <datafield tag="695" ind1=" " ind2=" ">
   <subfield code="a">Szent-Györgyi Albert Klinikai Központ - SZAKK, Új beruházás, Átadás, Purjesz Béla Infektológiai Klinikai és Oktatási Központ, Betegellátás - fertőző betegek, Járvány, Járványügyi védekezés, Dél-alföldi régió, Rovó László - rektor, Takács Péter - egészségügyi államtitkár, Fendler Judit - SZTE kancellár, Lengyel Csaba - tanszékvezető egyetemi tanár - SZAKK centrumelnök, Belgyógyászati Klinika, Letoha Annamária - belgyógyász - igazgató, Purjesz Béla - egykori tanszékvezető egyetemi tanár - rektor, Belgyógyászai Diagnosztikai Klinika</subfield>
  </datafield>
  <datafield tag="700" ind1="0" ind2="1">
   <subfield code="a">Karnok Csaba</subfield>
  </datafield>
  <datafield tag="856" ind1="4" ind2="0">
   <subfield code="u">http://univ.bibl.u-szeged.hu/65321/1/13273303.pdf</subfield>
   <subfield code="z">Dokumentum-elérés </subfield>
  </datafield>
  <datafield tag="856" ind1="4" ind2="0">
   <subfield code="u">http://univ.bibl.u-szeged.hu/65321/2/imedias3.com.pdf</subfield>
   <subfield code="z">Dokumentum-elérés </subfield>
  </datafield>
 </record>
</collection>
